00606nam a2200157 a 450000100100000000500170001000800410002702000150006804000250008310000330010824501160014126000480025730000210030595201050032699900170043100003821220201002031212.0130322s19uu dr 000 0 spa d a9993433500 aDO-SdBNPbspacBNPHU1 aAquino, José Ángel9320510aInventario de normativa legal sobre control y transparencia en la gestión pública /cJosé Ángel Aquino. aSanto Domingo :bParticipación Ciudadana. a103 p. ;c28 cm. 0010718PDaPDbPDcCTd2013-03-22iLF1l0o p38212-10r2020-06-25w2020-06-25yLFPDZNo se presta c37702d37702